[Event "57th Biel Master Open"]
[Site "Biel SUI"]
[Date "2024.07.17"]
[Round "3.17"]
[White "Peycheva, Gergana"]
[Black "Holzke, Frank"]
[Result "1/2-1/2"]
[WhiteTitle "FM"]
[BlackTitle "GM"]
[WhiteElo "2261"]
[BlackElo "2450"]
[WhiteFideId "2916711"]
[BlackFideId "4600428"]
[EventDate "2024.07.15"]

1. d4 d5 2. c4 c6 3. Nc3 Nf6 4. e3 Bf5 5. cxd5 cxd5 6. Qb3 Nc6 7. Qxb7 Bd7 8.
Qb3 Rb8 9. Qd1 e5 10. dxe5 Nxe5 11. Be2 Bd6 12. Nf3 Nxf3+ 13. Bxf3 Qc7 14. g3
O-O 15. O-O Bh3 16. Re1 Rfd8 17. Qe2 Be5 18. Rd1 Bxc3 19. bxc3 Ne4 20. Bb2 Qe5
21. Rd4 Ng5 22. Bh1 Qf5 23. f3 h5 24. Rad1 Qg6 25. c4 Qa6 26. Bc3 Qa3 27. R4d3
Qc5 28. Rxd5 Rxd5 29. Rxd5 Rb1+ 30. Kf2 Be6 31. Rd8+ Kh7 32. Bg2 Qf5 33. Qd3
Qxd3 34. Rxd3 Bxc4 35. Rd2 Ne6 36. Bh3 Kg6 37. e4 Rc1 38. Be5 f6 39. Bb2 Rh1 40.
Kg2 Re1 41. Bf5+ Kh6 42. Rc2 Bd3 43. Bc3 Bxc2 44. Bxe1 Nd4 45. Bd2+ g5 46. Bd7
Bd1 47. Bc3 Nxf3 48. Bxf6 g4 49. Bf5 Ne1+ 50. Kf2 Nf3 51. h4 gxh3 52. Bxh3 Kg6
53. Bg2 Nh2 54. Bd4 a6 55. a3 Kg5 56. Be3+ Kg4 57. Bc5 Nf3 58. Bd6 Nd2 59. e5
Bc2 60. e6 Ne4+ 61. Bxe4 Bxe4 62. Ke3 Kf5 63. Kd4 Bc6 64. e7 Ke6 65. Bb4 Kd7 66.
Kc5 Bb5 67. Kb6 Ke8 68. Ka5 1/2-1/2

[Event "57th Biel Master Open"]
[Site "Biel SUI"]
[Date "2024.07.17"]
[Round "3.18"]
[White "Razafindratsima, Timothe"]
[Black "Toktomushev, Teimur"]
[Result "1-0"]
[WhiteTitle "IM"]
[BlackTitle "FM"]
[WhiteElo "2449"]
[BlackElo "2300"]
[WhiteFideId "36069884"]
[BlackFideId "14176726"]
[EventDate "2024.07.15"]

1. e4 c5 2. Nf3 e6 3. d4 cxd4 4. Nxd4 a6 5. Be2 Nf6 6. Qd3 Nc6 7. O-O Qc7 8.
Nxc6 bxc6 9. c4 e5 10. Nc3 Be7 11. Kh1 O-O 12. f4 d6 13. Qg3 Kh8 14. Be3 exf4
15. Bxf4 Nd7 16. c5 Ne5 17. Rac1 Be6 18. Nd5 Bxd5 19. exd5 f6 20. cxd6 Bxd6 21.
dxc6 Rab8 22. Qc3 Rb6 23. Bf3 Rb5 24. Rcd1 h6 25. b3 Rc8 26. Be4 Nf7 27. Qg3
Bxf4 28. Qg6 Ng5 29. Rd7 Rg8 30. Rxc7 Bxc7 31. Bd3 Rb4 32. g3 Rd8 33. Re1 Be5
34. c7 Rc8 35. Bf5 Ra8 1-0

[Event "57th Biel Master Open"]
[Site "Biel SUI"]
[Date "2024.07.17"]
[Round "3.19"]
[White "Bommini, Mounika Akshaya"]
[Black "Petkidis, Anthony"]
[Result "0-1"]
[WhiteTitle "WIM"]
[BlackTitle "IM"]
[WhiteElo "2140"]
[BlackElo "2428"]
[WhiteFideId "25019872"]
[BlackFideId "24673390"]
[EventDate "2024.07.15"]

1. d4 Nf6 2. c4 e6 3. Nc3 Bb4 4. e3 O-O 5. Bd2 d5 6. Nf3 b6 7. cxd5 exd5 8. Bd3
Bd6 9. O-O Bb7 10. Qb1 Na6 11. a3 c5 12. Ne5 Nc7 13. f4 Ne6 14. Nf3 cxd4 15.
Nxd4 Nc5 16. Be2 Nfe4 17. Nxe4 Nxe4 18. Be1 Bc5 19. Qd1 Rc8 20. b4 Be7 21. Bg4
Rc4 22. Be2 Rc8 23. Bg4 Rc4 24. Be2 Bf6 25. Rc1 Bxd4 26. exd4 Rxc1 27. Qxc1 Qf6
28. Qb2 Bc8 29. b5 Bf5 30. Bb4 Rc8 31. Re1 Qh4 32. Rf1 Nf6 33. Be1 Qh6 34. Qb3
Be4 35. Bd2 Qg6 36. Rf2 Ng4 37. Bxg4 Qxg4 38. Be3 h5 39. Qb4 Bxg2 40. Rxg2 Qd1+
41. Kf2 Rc2+ 0-1

[Event "57th Biel Master Open"]
[Site "Biel SUI"]
[Date "2024.07.17"]
[Round "3.20"]
[White "Amartuvshin, Ganzorig"]
[Black "Nurman, Alua"]
[Result "0-1"]
[WhiteTitle "IM"]
[BlackTitle "WIM"]
[WhiteElo "2427"]
[BlackElo "2266"]
[WhiteFideId "4902548"]
[BlackFideId "13729390"]
[EventDate "2024.07.15"]

1. d4 Nf6 2. c4 e6 3. Nf3 d5 4. Nc3 Be7 5. Bf4 O-O 6. a3 b6 7. cxd5 Nxd5 8. Nxd5
exd5 9. e3 c5 10. dxc5 bxc5 11. Be2 Be6 12. O-O Qb6 13. Qc2 Nc6 14. Rac1 Rac8
15. Bd3 h6 16. Qe2 Bf6 17. Ba6 c4 18. Bxc8 Rxc8 19. Rc2 Bf5 20. Rd2 Bd3 21. Rxd3
cxd3 22. Qxd3 Bxb2 23. h3 Qc5 24. a4 Qc4 25. Qb1 Qb4 26. Bd6 Qxd6 27. Qxb2 Qb4
28. Qa1 a5 29. Rb1 Qe4 30. Rc1 Ne7 31. Rd1 Nc6 32. Nd2 Qc2 33. Nf3 Nb4 34. Nd4
Qe4 35. Qb2 Rc4 36. Qe2 Kh7 37. Nb3 Nc6 38. f3 Qe5 39. e4 Rxa4 40. Rxd5 Qc3 41.
Rd3 Qc4 42. Nd2 Qc1+ 43. Kh2 Ne5 44. Rd5 Qc7 45. f4 Ng6 46. g3 Ra2 47. e5 Qc1
48. h4 Ne7 49. Rd7 Nf5 50. Qd3 Qc2 51. Qd5 Qc3 52. Qxa2 Qxg3+ 53. Kh1 Qe1+ 54.
Kg2 Nxh4+ 55. Kh3 Qh1+ 56. Kg4 h5+ 57. Kg5 Qg2+ 58. Kxh5 Ng6 59. Rxf7 Qg3 60.
Nf3 Nxf4+ 0-1

[Event "57th Biel Master Open"]
[Site "Biel SUI"]
[Date "2024.07.17"]
[Round "3.21"]
[White "Juksta, Karolis"]
[Black "Winkelman, Albert"]
[Result "1-0"]
[WhiteTitle "IM"]
[BlackTitle "FM"]
[WhiteElo "2400"]
[BlackElo "2243"]
[WhiteFideId "12809039"]
[BlackFideId "3219941"]
[EventDate "2024.07.15"]

1. d4 Nf6 2. c4 e6 3. Nf3 d5 4. Nc3 Be7 5. cxd5 exd5 6. Bf4 O-O 7. e3 c5 8. dxc5
Bxc5 9. Be2 Nc6 10. O-O a6 11. Rc1 Ba7 12. Ne5 Ne7 13. Bf3 h6 14. Qb3 b5 15.
Rfd1 Be6 16. Qa3 Re8 17. h3 Qb6 18. Ne2 b4 19. Qa4 Rac8 20. Nd4 Rxc1 21. Rxc1
Rc8 22. Rxc8+ Bxc8 23. g4 g5 24. Bg3 h5 25. gxh5 Bxh3 26. h6 Bb8 27. Bh5 Bxe5
28. Bxe5 Nd7 29. Bg3 Qxh6 30. Be2 Nf6 31. Qxa6 Qg6 32. Be5 Ne4 33. Qxg6+ Nxg6
34. Bc7 Bd7 35. Ba5 f5 36. Bxb4 f4 37. b3 fxe3 38. fxe3 Kf7 39. a4 Ne5 40. a5
Nc6 41. a6 Nxd4 42. exd4 Bc6 43. Bh5+ Ke6 44. Bg4+ Kf7 45. Bc8 Ke8 46. Bf5 Ng3
47. Bd3 Kd7 48. Bc5 Ne4 49. b4 Nc3 50. Kf2 Kc7 51. Kg3 Bd7 52. Be7 Kb6 53. Bc5+
Kc7 54. Kf3 Kc6 55. Bf1 Kc7 56. Ke3 Nb5 57. Bg2 Be6 58. Bf3 Kc6 59. Be2 Bd7 60.
Kf3 Nc3 61. Bf1 Kc7 62. Kg3 Ne4+ 63. Kh2 Nc3 64. Bh3 Bb5 65. a7 Bc6 66. Be6 Kb7
67. Kg3 Nb5 68. Kg4 Nxa7 69. Kxg5 Nb5 70. Kf6 Nc3 71. Ke5 Ka6 72. Be7 Kb5 73.
Bh3 Kb6 74. Bc5+ Kc7 75. Bf1 Be8 76. Be7 Kc6 77. Bh4 Bf7 78. Be1 Nb5 79. Bg2 Nd6
80. Kf6 Bg8 81. Bg3 Nb5 82. Be5 Nc3 83. Bf1 Bh7 84. Ke7 Bf5 85. Kd8 Na2 86. b5+
Kb7 87. Bd6 Nc3 88. Bb4 Na4 89. Bc5 Be4 90. Bh3 Nb6 91. Bg4 Bd3 92. Be6 Bxb5 93.
Bxb6 Kxb6 94. Bxd5 Bc6 95. Be6 Kb7 96. Bc8+ Kb8 97. Ba6 Bh1 98. Kd7 Bg2 99. Kd6
Bf3 100. Bb5 Kc8 101. Bc6 Bg4 102. Ke7 Bd1 103. d5 Bf3 104. Bd7+ Kc7 105. d6+
Kb6 106. Be8 1-0

[Event "57th Biel Master Open"]
[Site "Biel SUI"]
[Date "2024.07.17"]
[Round "3.24"]
[White "Sethuraman, S.P."]
[Black "Smirnov, Mark"]
[Result "1-0"]
[WhiteTitle "GM"]
[BlackTitle "CM"]
[WhiteElo "2589"]
[BlackElo "2111"]
[WhiteFideId "5021596"]
[BlackFideId "13764594"]
[EventDate "2024.07.15"]

1. e4 e5 2. Nf3 Nf6 3. Nxe5 d6 4. Nf3 Nxe4 5. Nc3 Nxc3 6. dxc3 Be7 7. Be3 Nd7 8.
Qd2 O-O 9. O-O-O Nf6 10. h4 Bg4 11. Be2 d5 12. Ng5 Bxe2 13. Qxe2 Qd7 14. f3 Rfe8
15. Qd3 Bd6 16. Kb1 Re7 17. g4 Rae8 18. Bd4 Be5 19. Bf2 b6 20. Nh3 c6 21. h5 Qd6
22. Bh4 Bf4 23. h6 Re3 24. Qf5 Bg3 25. Qg5 1-0

[Event "57th Biel Master Open"]
[Site "Biel SUI"]
[Date "2024.07.17"]
[Round "3.25"]
[White "Rappazzo, Johannes"]
[Black "Gavrilescu, David"]
[Result "0-1"]
[BlackTitle "GM"]
[WhiteElo "2169"]
[BlackElo "2540"]
[WhiteFideId "1340069"]
[BlackFideId "1227190"]
[EventDate "2024.07.15"]

1. e4 c6 2. Nc3 d5 3. Nf3 Bg4 4. h3 Bxf3 5. Qxf3 e6 6. g3 Nf6 7. Bg2 Bb4 8. e5
Nfd7 9. Qg4 Bf8 10. f4 h5 11. Qe2 c5 12. O-O Nc6 13. d3 Nd4 14. Qd1 Be7 15. Nb1
Qc7 16. Be3 Nf5 17. Bf2 g5 18. c4 dxc4 19. dxc4 gxf4 20. gxf4 Rg8 21. Qf3 Bh4
22. Nc3 a6 23. Ne4 Bxf2+ 24. Qxf2 O-O-O 25. b4 Rg7 26. Rab1 Rdg8 27. Ng5 Nxe5
28. bxc5 Nd3 29. Qf3 Nxc5 30. Qc3 Rg6 31. Bxb7+ Nxb7 32. c5 Rxg5+ 33. fxg5 Rxg5+
34. Kf2 Qf4+ 35. Ke1 Qe4+ 36. Kd2 Rg2+ 37. Kc1 Nd4 38. Rb2 Ne2+ 39. Rxe2 Rxe2
40. Qh8+ Nd8 0-1

[Event "57th Biel Master Open"]
[Site "Biel SUI"]
[Date "2024.07.17"]
[Round "3.26"]
[White "Kamber, Bruno"]
[Black "Ansat, Aldiyar"]
[Result "0-1"]
[WhiteTitle "FM"]
[BlackTitle "IM"]
[WhiteElo "2181"]
[BlackElo "2458"]
[WhiteFideId "1300504"]
[BlackFideId "13715658"]
[EventDate "2024.07.15"]

1. e4 c5 2. Nf3 Nc6 3. Bb5 e6 4. O-O Nge7 5. d4 cxd4 6. Nxd4 Ng6 7. Be2 Be7 8.
Nxc6 bxc6 9. c4 O-O 10. Nc3 Rb8 11. Rb1 Bb7 12. Be3 c5 13. f4 f5 14. e5 d6 15.
exd6 Bxd6 16. Nb5 Be7 17. Qxd8 Rfxd8 18. Rfd1 a6 19. Rxd8+ Rxd8 20. Nc3 e5 21.
fxe5 f4 22. Bf2 Nxe5 23. Nd5 Bxd5 24. cxd5 Rxd5 25. Bxa6 c4 26. b3 c3 27. Rc1
Bb4 28. a3 Bxa3 29. Rxc3 Rd1+ 30. Bf1 Ng4 31. h3 Ne3 32. Rxe3 fxe3 33. Bxe3 Bc1
34. Bf2 Bb2 35. g3 Kf7 36. Kg2 Bd4 37. Bxd4 Rxd4 38. h4 Kf6 39. Kf3 Rd2 40. Bc4
Ke5 41. Bg8 h6 42. Bc4 Rc2 43. Kg4 Rc3 44. Bf7 Ke4 45. Bc4 h5+ 46. Kxh5 Rxg3 47.
b4 Kf5 48. Bf7 Kf6 49. Be8 Re3 50. Bc6 Rc3 51. Be4 Rc4 52. Bd3 Rxb4 53. Bc2 Rd4
54. Bb1 Rd1 55. Bc2 Rg1 56. Bd3 Ke5 57. Bc2 Kf4 58. Bd3 Rd1 59. Bc2 Rd6 0-1

[Event "57th Biel Master Open"]
[Site "Biel SUI"]
[Date "2024.07.17"]
[Round "3.27"]
[White "Vincenti, Leonardo"]
[Black "Fromm, Marius"]
[Result "1/2-1/2"]
[WhiteTitle "CM"]
[BlackTitle "IM"]
[WhiteElo "2163"]
[BlackElo "2448"]
[WhiteFideId "28550820"]
[BlackFideId "12993190"]
[EventDate "2024.07.15"]

1. e4 c5 2. Nf3 d6 3. d4 cxd4 4. Nxd4 Nf6 5. Nc3 a6 6. Bg5 e6 7. f4 Be7 8. Qf3
Qc7 9. O-O-O Nbd7 10. g4 b5 11. Bxf6 Nxf6 12. g5 Nd7 13. f5 O-O 14. Rg1 b4 15.
Nce2 e5 16. f6 exd4 17. fxe7 Re8 18. e5 d5 19. Qxd5 Bb7 20. Qd6 Rac8 21. Nxd4 g6
22. Qxc7 Rxc7 23. e6 Nc5 24. Bc4 fxe6 25. Nxe6 Nxe6 26. Bxe6+ Kg7 27. Bb3 Rcxe7
28. Ba4 Rf8 29. Rge1 Rxe1 30. Rxe1 Rf7 31. Bb3 Rd7 32. Ba4 Rf7 33. Bb3 Rd7 34.
c3 bxc3 35. bxc3 h6 36. gxh6+ 1/2-1/2

[Event "57th Biel Master Open"]
[Site "Biel SUI"]
[Date "2024.07.17"]
[Round "3.28"]
[White "Saraci, Nderim"]
[Black "Malli, Suvirr"]
[Result "1-0"]
[WhiteTitle "IM"]
[WhiteElo "2447"]
[BlackElo "2160"]
[WhiteFideId "6351921"]
[BlackFideId "1341855"]
[EventDate "2024.07.15"]

1. Nf3 d5 2. c4 c6 3. e3 Nf6 4. Nc3 e6 5. d4 Nbd7 6. Qc2 Bd6 7. b3 O-O 8. Bb2
Qe7 9. Be2 b6 10. O-O Bb7 11. Rad1 Rad8 12. Bd3 e5 13. dxe5 Nxe5 14. Nxe5 Qxe5
15. g3 Qh5 16. Be2 Ng4 17. Bxg4 Qxg4 18. Rd4 Qf3 19. cxd5 cxd5 20. Nb5 Bc8 21.
Rh4 Qf5 22. Qxf5 Bxf5 23. Nxd6 Rxd6 24. Ba3 Rc6 25. Bxf8 Kxf8 26. Rd4 Rc2 27.
Ra1 Be4 28. Rdd1 Rb2 29. Rdc1 Bc2 30. f3 Bd3 31. Rc7 Be2 32. Rac1 Bxf3 33. R7c2
Rxc2 34. Rxc2 Ke8 35. Rc7 a6 36. Kf2 Be4 37. Ra7 Bd3 38. Ke1 a5 39. Kd2 Bb1 40.
a4 1-0

[Event "57th Biel Master Open"]
[Site "Biel SUI"]
[Date "2024.07.17"]
[Round "3.32"]
[White "Narayanan, Samrug"]
[Black "Arsenie, Cristian Marc"]
[Result "1/2-1/2"]
[WhiteTitle "FM"]
[WhiteElo "2361"]
[BlackElo "2131"]
[WhiteFideId "30914051"]
[BlackFideId "1345923"]
[EventDate "2024.07.15"]

1. e4 c5 2. Nf3 d6 3. Bb5+ Nd7 4. a4 Nf6 5. Nc3 g6 6. a5 Bg7 7. O-O a6 8. Be2
O-O 9. d3 b5 10. axb6 a5 11. Be3 Bb7 12. Qd2 Qxb6 13. h3 Bc6 14. Ra2 a4 15. Bh6
Bxh6 16. Qxh6 Qb4 17. Nd1 c4 18. dxc4 Bxe4 19. Ne3 Bxc2 20. Nxc2 Qb3 21. Rfa1
Qxc2 22. Nd4 Qe4 23. Qd2 Qb7 24. Bf3 Ne4 25. Qe2 Ndc5 26. Bxe4 Nxe4 27. Rxa4
Rxa4 28. Rxa4 d5 29. cxd5 Qxd5 30. Nf3 f5 31. Rd4 Qc5 32. b4 Qc1+ 33. Rd1 Qc7
34. Qa2+ Kh8 35. Rb1 Nc3 36. Qb2 e5 37. Re1 e4 38. Rc1 Rc8 39. b5 Qg7 40. Kh1
exf3 41. gxf3 h6 1/2-1/2

[Event "57th Biel Master Open"]
[Site "Biel SUI"]
[Date "2024.07.17"]
[Round "3.37"]
[White "Coles, Robin"]
[Black "Gloeckler, Christian"]
[Result "0-1"]
[BlackTitle "FM"]
[WhiteElo "2084"]
[BlackElo "2304"]
[WhiteFideId "551017814"]
[BlackFideId "34608966"]
[EventDate "2024.07.15"]

1. e4 c5 2. Nf3 d6 3. Bb5+ Nd7 4. c4 Nf6 5. Nc3 g6 6. h3 Bg7 7. d3 O-O 8. Ba4
Ne5 9. O-O Nxf3+ 10. Qxf3 Rb8 11. Qe2 Bd7 12. Bxd7 Nxd7 13. f4 a6 14. a4 Ra8 15.
Be3 Nb8 16. Qf2 Nc6 17. f5 Rb8 18. Nd5 e6 19. f6 exd5 20. fxg7 Kxg7 21. Qd2 dxe4
22. Bh6+ Kg8 23. Bxf8 Qxf8 24. Rae1 exd3 25. Qxd3 Ne5 26. Qd5 Qe7 27. Rd1 Rd8
28. Rfe1 Re8 29. Kh1 Kf8 30. b3 Kg7 31. Qxd6 Qxd6 32. Rxd6 Nxc4 33. Rxg6+ hxg6
34. Rxe8 Na5 35. Re3 Kf6 36. Kg1 b5 37. Kf2 b4 38. Ke2 Nc6 39. Kd3 Ne5+ 40. Ke4
Ke6 41. Re1 f6 42. g4 c4 43. bxc4 Nd7 44. Kd4+ Kd6 45. h4 Ne5 46. Rb1 Nc6+ 47.
Ke4 Kc5 48. h5 Ne5 49. g5 gxh5 50. gxf6 Nf7 51. Rc1 b3 52. Kf5 Nd6+ 53. Kg6 h4
54. Rd1 Nxc4 55. Rc1 Kb4 56. Re1 Nd6 57. Re4+ Ka3 58. Rxh4 b2 59. Rh1 Kxa4 60.
Rd1 a5 61. Rxd6 b1=Q+ 62. Kg7 Qb2 63. Kf7 Kb5 64. Ke7 Qe5+ 65. Re6 Qc7+ 66. Ke8
Qc4 67. Ke7 Qh4 68. Ke8 Qc4 69. Ke7 Qc5+ 70. Ke8 Kc4 71. f7 Kd5 72. Rg6 Qc2 73.
Rd6+ Kxd6 74. f8=Q+ Kc6 75. Qf3+ Kb6 76. Kf8 a4 77. Qf6+ Qc6 78. Qb2+ Ka6 79.
Qe2+ Qb5 80. Qe6+ Ka5 81. Kg7 Qb7+ 82. Kh8 Qb2+ 83. Kh7 Kb4 84. Qb6+ Ka3 85.
Qc5+ Ka2 86. Qc4+ Qb3 87. Qe2+ Ka1 88. Kh6 Qh3+ 89. Kg5 Qg3+ 90. Kh5 Qf4 91.
Qd1+ Kb2 92. Qe2+ Kc3 93. Qe1+ Kc4 94. Qe6+ Kc5 95. Qc8+ Kb6 96. Qc3 Qf5+ 97.
Kh4 Qc5 98. Qb2+ Ka5 99. Kg3 Qd6+ 100. Kf3 Qd5+ 101. Kf2 Qc5+ 102. Ke2 a3 103.
Qa2 Qe5+ 104. Kd3 Qg3+ 105. Kc2 Qg2+ 106. Kb3 Qf3+ 107. Kc2 Qe2+ 0-1

[Event "57th Biel Master Open"]
[Site "Biel SUI"]
[Date "2024.07.17"]
[Round "3.48"]
[White "Kwiatkowski, Jakub"]
[Black "Ohler, Julius"]
[Result "1-0"]
[BlackTitle "FM"]
[WhiteElo "2031"]
[BlackElo "2188"]
[WhiteFideId "1348736"]
[BlackFideId "16238982"]
[EventDate "2024.07.15"]

1. e4 c6 2. d4 d5 3. e5 Bf5 4. c4 e6 5. Nc3 Bb4 6. cxd5 cxd5 7. h4 h6 8. g4 Bh7
9. Bd3 Bxd3 10. Qxd3 Ne7 11. h5 Qa5 12. Ne2 Nbc6 13. Bd2 Qb6 14. O-O-O Bxc3 15.
Bxc3 Nb4 16. Bxb4 Qxb4 17. Kb1 Rc8 18. f4 Qc4 19. Qd2 Kd7 20. Rhf1 g6 21. Ng3
Rhg8 22. Rh1 g5 23. f5 Nc6 24. Ne2 Nb4 25. Nc3 Rgf8 26. Rh3 Qa6 27. Rf3 Nc6 28.
Rdf1 Ke7 29. Ne2 Qc4 30. Rc1 Qa4 31. Ra3 Qb5 32. Rc5 Qb6 33. Rb3 Qa6 34. Ra3 Qb6
35. Nc3 a6 36. Na4 Qa7 37. Rac3 Kd7 38. Rc1 b5 39. Qc3 Qb7 40. Rxc6 Qxc6 41.
Nc5+ Ke7 42. Qa3 Ke8 43. Nd3 Qb7 44. Rxc8+ Qxc8 45. f6 Qb7 46. Qd6 1-0

[Event "57th Biel Master Open"]
[Site "Biel SUI"]
[Date "2024.07.17"]
[Round "3.56"]
[White "Pappier, Carlos"]
[Black "Pisan, Kai"]
[Result "0-1"]
[WhiteElo "2202"]
[BlackElo "2016"]
[WhiteFideId "102598"]
[BlackFideId "39904881"]
[EventDate "2024.07.15"]

1. d4 d5 2. Nf3 Nf6 3. c4 c6 4. Qc2 dxc4 5. Qxc4 Bf5 6. g3 e6 7. Bg2 Be7 8. O-O
O-O 9. e3 Nbd7 10. Rd1 Qb6 11. Nc3 Ne4 12. Qe2 Rfd8 13. Ne1 Nxc3 14. bxc3 Nf6
15. e4 Bg6 16. f3 Rd7 17. Nd3 Qa6 18. Bf1 Rc8 19. Be3 Ne8 20. Qb2 Qa3 21. Qb3 b6
22. Ne5 Rdd8 23. Nc4 Qxb3 24. axb3 Rd7 25. Ne5 Rdc7 26. b4 f6 27. Nd3 Nd6 28.
Bh3 Bf7 29. Bf4 Rd7 30. Bxd6 Bxd6 31. e5 Bb8 32. Nf4 Re8 33. exf6 gxf6 34. Re1
Rde7 35. Nd3 Bg6 36. Nf4 e5 37. Nxg6 hxg6 38. Rad1 exd4 39. Rxe7 Rxe7 40. Rxd4
Be5 41. Rc4 Rc7 42. Rg4 Kg7 43. Re4 Bxc3 44. Bf1 b5 45. g4 f5 46. gxf5 gxf5 47.
Rh4 Kg6 48. Kg2 Kg5 49. Kh3 Be5 50. Be2 Bxh2 51. Rh8 Bd6 52. f4+ Kxf4 53. Bd1
Ke3 54. Re8+ Re7 55. Bh5 Bxb4 0-1

[Event "57th Biel Master Open"]
[Site "Biel SUI"]
[Date "2024.07.17"]
[Round "3.58"]
[White "Douguet, Claude"]
[Black "Demchenko, Svitlana"]
[Result "0-1"]
[BlackTitle "WIM"]
[WhiteElo "1994"]
[BlackElo "2176"]
[WhiteFideId "1316907"]
[BlackFideId "14149893"]
[EventDate "2024.07.15"]

1. e4 d5 2. exd5 Nf6 3. d4 Bg4 4. Be2 Bxe2 5. Qxe2 Qxd5 6. Nf3 e6 7. O-O Nc6 8.
Rd1 O-O-O 9. Nc3 Qh5 10. Bf4 Rg8 11. Ne4 Qg4 12. Nxf6 gxf6 13. Bg3 Nxd4 14. Nxd4
Rxd4 15. f3 Bc5 16. Kf1 Qf5 17. Bf2 Rxd1+ 18. Rxd1 Bd6 19. Bg1 a6 20. Qc4 Qg5
21. Qe2 Qa5 22. a3 Rg5 23. c4 Qa4 24. Qd3 h5 25. c5 Rd5 26. Qxd5 exd5 0-1

[Event "57th Biel Master Open"]
[Site "Biel SUI"]
[Date "2024.07.17"]
[Round "3.62"]
[White "Perreard, Nicolas"]
[Black "Stefan, Iulia-Cristiana"]
[Result "1-0"]
[WhiteElo "2066"]
[BlackElo "1953"]
[WhiteFideId "1330861"]
[BlackFideId "1273876"]
[EventDate "2024.07.15"]

1. d4 d5 2. c4 e6 3. Nf3 h6 4. Nc3 Nf6 5. Bf4 Bd6 6. Bxd6 Qxd6 7. c5 Qe7 8. e3
O-O 9. Be2 c6 10. O-O Nbd7 11. b4 e5 12. a4 e4 13. Nd2 Nh7 14. b5 f5 15. Qb3 Kh8
16. a5 a6 17. bxc6 bxc6 18. Na4 Rb8 19. Nb6 Bb7 20. Nb1 Ndf6 21. Na3 Ne8 22. Nc2
Nc7 23. Nb4 f4 24. Kh1 f3 25. gxf3 exf3 26. Bd3 Ng5 27. Qc2 Rbe8 28. Bg6 Rd8 29.
Nd3 Nh3 30. Ne5 Qg5 31. Rg1 Nxg1 32. Rxg1 Qf6 33. Bh7 g5 34. Nbd7 Qg7 35. Nxf8
Rxf8 36. Ng6+ Kxh7 37. Nxf8+ Kg8 38. Ng6 Qf6 39. Ne5 Qg7 40. Rg3 1-0

[Event "57th Biel Master Open"]
[Site "Biel SUI"]
[Date "2024.07.19"]
[Round "5.2"]
[White "Kobo, Ori"]
[Black "Mendonca, Leon Luke"]
[Result "0-1"]
[WhiteTitle "GM"]
[BlackTitle "GM"]
[WhiteElo "2529"]
[BlackElo "2615"]
[WhiteFideId "2812320"]
[BlackFideId "35028561"]
[EventDate "2024.07.15"]

1. e4 c5 2. Nc3 a6 3. Nge2 d6 4. g3 Nc6 5. Bg2 e5 6. d3 g6 7. h4 h6 8. h5 g5 9.
Nd5 Bg7 10. f4 gxf4 11. gxf4 Nge7 12. Nec3 Nxd5 13. Nxd5 exf4 14. c3 Be5 15.
Bxf4 Bxf4 16. Nxf4 Qg5 17. Qd2 Bg4 18. Nd5 Kf8 19. Qxg5 hxg5 20. h6 Ne7 21. Nf6
Be6 22. O-O-O Ng6 23. Rh5 Ke7 24. Rf1 Nf4 25. Rxg5 Nxg2 26. Rxg2 Bh3 27. Nd5+
Kf8 28. Rfg1 Bxg2 29. Rxg2 Rxh6 30. a4 Re8 31. Ne3 Ree6 32. Nf5 Reg6 33. Rf2 Rh3
34. Kc2 Ke8 35. a5 Kd7 36. Re2 Rg1 37. Ne3 Rgg3 38. Nd5 Rxd3 39. Rg2 Rdg3 40.
Rf2 Rf3 41. Rg2 Rh4 0-1

[Event "57th Biel Master Open"]
[Site "Biel SUI"]
[Date "2024.07.19"]
[Round "5.3"]
[White "Madaminov, Mukhiddin"]
[Black "Sasikiran, Krishnan"]
[Result "1/2-1/2"]
[WhiteTitle "IM"]
[BlackTitle "GM"]
[WhiteElo "2512"]
[BlackElo "2581"]
[WhiteFideId "14210703"]
[BlackFideId "5004985"]
[EventDate "2024.07.15"]

1. e4 c5 2. Nf3 d6 3. Bb5+ Nd7 4. O-O a6 5. Bd3 Ngf6 6. Re1 g6 7. c3 Bg7 8. Bc2
c4 9. b3 b5 10. bxc4 bxc4 11. Na3 Nb6 12. Qe2 Bg4 13. Nxc4 Bxf3 14. gxf3 Nxc4
15. Ba4+ Nd7 16. Qxc4 O-O 17. Bxd7 Qxd7 18. d4 Rfc8 19. Qd3 Qb5 20. Qxb5 axb5
21. Bb2 Ra4 22. a3 e5 23. Red1 h5 24. Kg2 h4 25. Rd2 Bh6 26. Re2 Bf4 27. h3 Kf8
28. Rb1 Ke7 29. dxe5 dxe5 30. Rd1 Rd8 31. Ree1 Bd2 32. Re2 Bf4 33. Rxd8 Kxd8 34.
Re1 Kc7 35. Rd1 f5 36. exf5 gxf5 37. Rd5 Kc6 38. Rd8 Ra7 39. Kf1 Rg7 40. Rc8+
Kb7 41. Rd8 Kc6 42. Rc8+ Kd5 43. a4 bxa4 44. c4+ Ke6 45. Rc6+ Kf7 46. Ra6 Rg8
47. Rxa4 Rb8 48. Ba3 Rb3 49. Kg2 Rc3 50. c5 Rc2 51. Kf1 Ke6 52. Ra6+ Kd5 53. Rf6
Rc3 54. Bb4 Rc1+ 55. Kg2 Kc4 56. Ba5 Kb5 57. Bd8 Rc2 58. Rb6+ Kxc5 59. Rb7 Kd5
60. Bxh4 Be3 61. Rd7+ Ke6 62. Re7+ Kd5 63. Kf1 Bd4 1/2-1/2

[Event "57th Biel Master Open"]
[Site "Biel SUI"]
[Date "2024.07.19"]
[Round "5.4"]
[White "Moiseenko, Alexander"]
[Black "Koustav, Chatterjee"]
[Result "1/2-1/2"]
[WhiteTitle "GM"]
[BlackTitle "GM"]
[WhiteElo "2570"]
[BlackElo "2525"]
[WhiteFideId "14102560"]
[BlackFideId "25073060"]
[EventDate "2024.07.15"]

1. d4 Nf6 2. c4 e6 3. Nf3 d5 4. Nc3 Bb4 5. cxd5 exd5 6. Bf4 Ne4 7. Rc1 Nc6 8.
Nd2 Nxd4 9. Ncxe4 dxe4 10. Qa4+ Nc6 11. Rxc6 Bxd2+ 12. Bxd2 bxc6 13. Qxc6+ Bd7
14. Qxe4+ Be6 15. Qc6+ Bd7 16. Qe4+ Be6 17. Qc6+ Bd7 1/2-1/2

[Event "57th Biel Master Open"]
[Site "Biel SUI"]
[Date "2024.07.19"]
[Round "5.5"]
[White "Nesterov, Arseniy"]
[Black "Sokolovsky, Yahli"]
[Result "1/2-1/2"]
[WhiteTitle "GM"]
[BlackTitle "GM"]
[WhiteElo "2602"]
[BlackElo "2516"]
[WhiteFideId "24198455"]
[BlackFideId "2820242"]
[EventDate "2024.07.15"]

1. d4 Nf6 2. c4 e6 3. Nc3 d5 4. cxd5 exd5 5. Bg5 Be7 6. e3 h6 7. Bh4 Bg4 8. Qc2
O-O 9. h3 Be6 10. Nf3 Ne8 11. Bg3 Bd6 12. Ne5 Nc6 13. Nxc6 bxc6 14. Bxd6 cxd6
15. Be2 Qg5 16. Bf3 Rb8 17. Ne2 Rb6 18. Nf4 Bf5 19. Qc3 Be4 20. Bxe4 dxe4 21.
O-O Nf6 22. Qa3 Nd5 23. Qxa7 Rxb2 24. Qa3 Rfb8 25. Qxd6 Nxf4 26. exf4 Qd5 27.
Qxd5 cxd5 28. a4 Ra8 29. Rfc1 Rb4 30. a5 Ra7 31. a6 Rxd4 32. Rcb1 Kh7 33. Rb5
Rd2 34. Kf1 Rc7 35. a7 Rcc2 36. a8=Q 1/2-1/2

[Event "57th Biel Master Open"]
[Site "Biel SUI"]
[Date "2024.07.19"]
[Round "5.6"]
[White "Holzke, Frank"]
[Black "Ganguly, Surya Shekhar"]
[Result "1/2-1/2"]
[WhiteTitle "GM"]
[BlackTitle "GM"]
[WhiteElo "2450"]
[BlackElo "2592"]
[WhiteFideId "4600428"]
[BlackFideId "5002150"]
[EventDate "2024.07.15"]

1. e4 e6 2. d4 d5 3. Nc3 Bb4 4. e5 c5 5. a3 Bxc3+ 6. bxc3 Ne7 7. Qg4 Qc7 8. Bd3
c4 9. Be2 Nf5 10. Nf3 Nc6 11. O-O Bd7 12. Nh4 Nce7 13. Bg5 Nxh4 14. Qxh4 Nf5 15.
Qh3 Ba4 16. Ra2 h6 17. f4 Rg8 18. Bh4 g5 19. fxg5 Nxh4 20. Qxh4 hxg5 21. Qh7 Rf8
22. Qg7 Qa5 23. Bh5 O-O-O 24. Rf3 Qb6 25. Rf1 Qa5 26. Bxf7 Kb8 27. Rf3 Qb6 28.
Rf1 Qa5 29. Rf3 Qb6 30. Rf1 1/2-1/2